02586nab a2200301uuc4500001000800000005001700008008004100025035001200066040001300078041000800091100004800099245010200147520139800249650002701647650003201674650002001706650003201726700004901758700004501807700005101852700004801903700005301951700004202004700004802046773016102094942001002255999001902265147660620250305155447.0171019e20170310 spa  a1476606 ccomduadb aspa10aAristimuño, Ana María4auteaut976110810aReactividad cruzada de una prueba de tamizaje para Enfermedad Celíaca con otros autoanticuerpos3 aEl objetivo del presente trabajo fue estudiar la presencia de reactividad cruzada de la prueba de tamizaje htTG/DGP para enfermedad celíaca (EC) con otros autoanticuerpos presentes en altos títulos en diferentes enfermedades autoinmunes (EA). Se realizó un estudio de corte transversal donde se seleccionaron 100 pacientes no celíacos, de ambos sexos (15 hombres, 85 mujeres) con edades entre 4 y 86 años que presentaban diversas EA. Para estudiar presencia de EC se realizaron por ELISA los ensayos QUANTALite® (INOVA Diagnostics, EE.UU.): htTG/DGPScreen, htTG IgA e IgG, Gliadina IgAII e IgGII. Los autoanticuerpos de otras EA se determinaron por inmunofluorescencia indirecta y por electroquimioluminiscencia. La reactividad cruzada encontrada con autoanticuerpos no específicos de EC fue de 2,0%. Las dos muestras positivas con la prueba de tamizaje (23,0 U y 24,9 U) presentaron anticuerpos anti-centrómero y anti-nucleares, con títulos 1/1280 y 1/640 respectivamente. Las mismas fueron analizadas para los marcadores de celiaquía y sólo una resultó positiva débil (21,8 U) para anti-Gliadina IgAII. La baja reactividad cruzada hallada con el ensayo de tamizaje htTG/DGP en presencia de otros autoanticuerpos permite concluir que dicha prueba constituye una herramienta de gran utilidad para la pesquisa de EC en pacientes con diferentes enfermedades autoinmunes. aAutoanticuerpos939848 aEnfermedad celíaca938639 aTamizaje946088 aReactividad cruzada922454110aDe la Colina, Amelia Noemi4auteaut976472110aLagoa, Patricia Rosana4auteaut976100110aVentimiglia, Fernando Daniel4auteaut975345010aMinervini, Maria Virginia4auteaut976585210aMartinez Methol, Maria Soledad4auteaut976338710aBruno, Jorge José4auteaut973913010aD'Agostino, Liliana Elena4auteaut97302110 tActa Bioquímica Clínica Latinoamericana (Buenos Aires)gVolumen 51, Número 01, Marzo de 2017, 29-35w(CO-MdUADB)6294x0325-2957029389576239o1037961 cARIMP c765488d765488